| 000 | 01482nam a2200337 a 4500 | ||
|---|---|---|---|
| 001 | BRCA_3310 | ||
| 005 | 20190320204221.0 | ||
| 008 | 190309s1870----enka---###---#000-0#eng-# | ||
| 041 | _aeng | ||
| 044 | _aenk | ||
| 084 |
_a604 _b.B45 _c1870 |
||
| 100 | 1 |
_aCervantes Saavedra, Miguel de _d1547-1616 _9213 |
|
| 245 | 1 | 0 |
_aAdventures of Don Quixote de la Mancha _cTranslated from the Spanish of Miguel de Cervantes Saavedra by Charles Jarvis. |
| 260 |
_aLondres _bS. O. Beeton _c1870 |
||
| 300 |
_a1 v. en 2 partes (xxiv, 766 p.) _bil. _c22 cm. |
||
| 500 | _aContenido : Primera parte. Noticia sobre las obras de Cervantes. Prólogo del autor. Segunda parte. Prólogo del autor | ||
| 500 | _aEdición : Carefully Revised and Corrected. Illustrated by Tony Johannot | ||
| 500 | _aEjemplar igual al anterior [603]. Tela; planos y lomo decorados con asuntos quijotiles dorados Lúdovik Osterc | ||
| 500 | _aEstado físico : Encuadernación ligeramente desprendida | ||
| 500 | _aQM890 | ||
| 546 | _aTexto en : inglés | ||
| 650 | 1 | 4 |
_aNovela española _yÉpoca clásica, 1500-1700 _9215 |
| 650 | 1 | 4 |
_aLiteratura española _yÉpoca clásica, 1500-1700 _9216 |
| 650 | 1 | 4 |
_aNovela española _ySiglo XVII _9217 |
| 650 | 1 | 4 |
_aDon Quijote (Personaje ficticio) _eNovela _9218 |
| 700 | 1 |
_aJarvis, Charles _d?-1739 _eTraductor _98760 |
|
| 700 | 1 |
_aJohannot, Tony _d1803-1852 _eIlustrador _98761 |
|
| 740 | 0 | _aEl Ingenioso Hidalgo Don Quijote de la Mancha | |
| 902 | _aQFM | ||
| 942 |
_2lcc _cB |
||
| 999 |
_c3046 _d3046 |
||